Estudio económico de América Latina 1977

Gardado en:
Detalles Bibliográficos
Autor Corporativo: Comisión Económica para América Latina (Author)
Formato: Libro
Idioma:Lingua castelá
Publicado: Santiago Naciones Unidas 1978
Subjects:
Tags: Engadir etiqueta
Sen Etiquetas, Sexa o primeiro en etiquetar este rexistro!

MARC

LEADER 00000nam a2200000 a 4500
001 UCU2658
003 CL-VaPUC
008 960426e19780000CL |||||||||||||||||spa|d
082 0 4 |a 330.91  |b COM  |2 21 
110 2 |a Comisión Económica para América Latina  |e author  |9 358994 
245 1 0 |a Estudio económico de América Latina 1977 
300 |a 559 p 
942 |c BK 
945 |d 19960426 00:00:00  |a paguirre 
260 |a Santiago  |b Naciones Unidas  |c 1978 
650 0 |a Economía   |9 255568 
650 0 |a Comercio  |9 255341 
650 7 |a FINANCIAMIENTO  |2 CL-VaPUC  |9 358995 
650 7 |a POLITICA FINANCIERA  |2 CL-VaPUC  |9 356280 
650 7 |a FINANCIAMIENTO EXTERNO  |2 CL-VaPUC  |9 358996 
650 0 |a Crecimiento económico   |9 314037 
650 7 |a COMERCIO INTERNACIONAL  |2 CL-VaPUC  |9 358997 
650 0 |a Inflación   |9 257218 
650 0 |a Precios   |9 260787 
651 0 |a América Latina   |9 255027 
583 |a last modification  |c 19960426 00:00:00  |k Rodrigo Vera 
999 |c 246897  |d 246895 
952 |0 0  |1 0  |4 0  |6 330_910000000000000_COM_1978  |7 0  |8 A  |9 262255  |a BIBING  |b BIBING  |d 2019-11-19  |i 1642901  |o 330.91 COM 1978  |p 1642901  |r 2025-01-20  |w 2019-11-19  |y BK  |k TRA